| 000 | 00419nam a2200145Ia 4500 | ||
|---|---|---|---|
| 008 | 191023s9999 xx 000 0 und d | ||
| 020 | _a9781473734524 | ||
| 100 | _aGoldstein, Bruce E. | ||
| 245 |
_cBruce E. Goldstein, Johanna C. Van Hooff.-- _aCognitive psychology / |
||
| 250 | _a1st ed | ||
| 260 |
_aEurope : _bCengage Learning EMEA _c2018 |
||
| 300 | _axxii, 502 pages. | ||
| 650 | _aCognition | ||
| 650 | _aMemory | ||
| 999 |
_c362326 _d362326 |
||